000 00388nam a2200145 i 4500
001 99159
003 ES-MaACL
007 t|
008 050902s1974 sp ||||1| spa d
100 1 _aMartín Cano, César.
_977428
245 1 3 _aLa noche /
_cCesar Martin Cano.
260 _aGijón :
_b[s.n.] (
_fTip. La industria)
300 _a235 p. ;
_c22 cm.
852 _aES-MaACL
_jE-6520
_bR.90864
999 _c99159
_d99159